00341nam a2200109Ia 4500008004100000082002000041100002600061245003200087260004100119630001800160650005300178211109s9999||||xx |||||||||||||| ||und|| a894.8123bTHI-K aThiruvankulam, Anujan 0aKupresidha Kavarcha Kesukal bCurrent BooksaKottayam Bn 795c1978 xgeneral stack aMalayalam LIteraturevMalayalam FictionGeneralia